Causas de la guerra de España

Guardat en:
Dades bibliogràfiques
Autor principal: Azaña, Manuel (Autor)
Format: Llibre
Idioma:espanyol
Publicat: Barcelona, España Crítica 1986
Col·lecció:Serie General. Temas Hispánicos, 157
Matèries:
Etiquetes: Afegir etiqueta
Sense etiquetes, Sigues el primer a etiquetar aquest registre!

MARC

LEADER 00000nam a2200000 a 4500
001 UCJ0443
003 CL-VaPUC
005 20210728001814.0
008 060804e19860000SP |||||||||||||||||spa|d
999 |c 317277  |d 317275 
020 |a 847423283X 
040 |c Pontificia Universidad Católica de Valparaíso 
082 0 4 |a 946.081 AZA 1986  |2 21 
100 0 |a Azaña, Manuel  |e author  |9 322378 
245 1 0 |a Causas de la guerra de España 
260 |a Barcelona, España  |b Crítica  |c 1986 
300 |a 161 páginas 
490 0 |a Serie General. Temas Hispánicos,  |v  157 
583 |a last modification  |c 20060804 00:00:00  |k Rodrigo Vera 
650 0 |a Historia de España  |9 315435 
650 0 |a Guerra  |z ESPAÑA  |9 255876 
650 0 |a Problemas sociales  |z ESPAÑA  |9 258537 
852 |a BIBCUR 
942 |c BK  |2 ddc 
945 |d 20060804 00:00:00  |a cmena 
952 |0 0  |1 0  |2 ddc  |4 0  |6 946_081000000000000_AZA_1986  |7 0  |8 A  |9 393352  |a BIBHIS  |b BIBHIS  |d 2019-11-22  |i 1267914  |o 946.081 AZA 1986  |p 1267914  |r 2025-01-20  |t 1  |w 2019-11-22  |y BK  |k HIS